Normal view
MARC view
- العلوم الاجتماعية-اللسانيات-الفكر الاجتماعي-علم الاجتماع-الابحاث
Entry Topical Term
001 - CONTROL NUMBER
- control field: 29149
003 - CONTROL NUMBER IDENTIFIER
- control field: JO-AjAnu
005 - DATE AND TIME OF LATEST TRANSACTION
- control field: 20230606074930.0
008 - FIXED-LENGTH DATA ELEMENTS
- fixed length control field: 230606|| aca||aabn | a|a d
040 ## - CATALOGING SOURCE
- Original cataloging agency: JO-AjAnu
- Transcribing agency: JO-AjAnu
150 ## - HEADING--TOPICAL TERM
- Topical term or geographic name entry element: العلوم الاجتماعية-اللسانيات-الفكر الاجتماعي-علم الاجتماع-الابحاث
670 ## - SOURCE DATA FOUND
- Source citation: Work cat.: (JO-AjAnu)14963: فوزي غرايبة،نعيم دهمش،ربحي الحسن،خالد امين عبدالله،هاني ابو جبارة, author 29148, أساليب البحث العلمي في العلوم الاجتماعية والانسانية